01721nam a2200385 a 4500001001200000003000800012006001900020007001500039008004100054010001700095020001500112020001800127020002700145040002100172035002100193050002300214082001700237245022600254250001200480260004800492300002400540500002000564505021300584533015200797650003600949650004700985650003001032655002901062700003301091700002301124710002801147710001701175856012601192999001701318ebr10630609CaPaEBRm u cr cn|||||||||120328s2012 njua s 001 0 eng d z 2012936405 z1118094832 z9781118094839 z9781118223475 (e-book) aCaPaEBRcCaPaEBR a(OCoLC)81595588514aT58.6b.I51 2012eb04a658.403822300aInformation storage and managementh[electronic resource] :bstoring, managing, and protecting digital information in classic, virtualized, and cloud environments /cedited by Somasundaram Gnanasundaram, Alok Shrivastava. a2nd ed. aHoboken, N.J. :bJohn Wiley & Sons,cc2012. axxi, 489 p. :bill. aIncludes index.0 asection 1. Storage system -- section 2. Storage networking technologies -- section 3. Backup, archive, and replication -- section 4. Cloud computing -- section 5. Securing and managing storage infrastructure. aElectronic reproduction.bPalo Alto, Calif. :cebrary,d2011.nAvailable via World Wide Web.nAccess may be limited to ebrary affiliated libraries. 0aManagement information systems. 0aInformation storage and retrieval systems. 0aComputer storage devices. 7aElectronic books.2local1 aGnanasundaram, Somasundaram.1 aShrivastava, Alok.2 aEMC Education Services.2 aebrary, Inc.40uhttp://site.ebrary.com/lib/rucke/Doc?id=10630609zAn electronic book accessible through the World Wide Web; click to view c71640d71640